| 000 | 00508nim a2200181 i 4500 | ||
|---|---|---|---|
| 001 | bgj | ||
| 100 | 1 |
_aEASTWOOD, John _d(1945- ) |
|
| 245 | 1 | 0 |
_aOxford Practice Grammar : _bwith answers / _cJohn Eastwood. |
| 260 |
_aOxford : _bOxford University Press, _c2001. |
||
| 300 | _a1 CD-rom. | ||
| 650 | 9 |
_aEnglish language _xGrammar _xProblems, exercises, etc. |
|
| 020 | _a0194314251 | ||
| 040 | _cBPK | ||
| 041 | 0 | _aeng | |
| 920 | _a0-19-431425-1 | ||
| 942 | _cCD | ||
| 008 | s uk f |000 0 eng | ||
| 999 |
_c41217 _d41217 |
||
| 856 |
_uhttp://koha.tu.koszalin.pl/cgi-bin/koha/opac-detail.pl?biblionumber=41217 _yKatalog online BPK |
||